Non-governmental organizations : performance and accountability beyond the magic bullet
Αποθηκεύτηκε σε:
| Άλλοι συγγραφείς: | , |
|---|---|
| Μορφή: | Βιβλίο |
| Γλώσσα: | English |
| Δημοσίευση: |
London :
Earthscan,
[2002, 1995]
|
| Θέματα: | |
| Ετικέτες: |
Προσθήκη ετικέτας
Δεν υπάρχουν, Καταχωρήστε ετικέτα πρώτοι!
|
MARC
| LEADER | 00000cam a2200000 i 4500 | ||
|---|---|---|---|
| 001 | 1/44390 | ||
| 008 | 070516s1995 eng d | ||
| 020 | |a 1-85383-310-X (pbk.) | ||
| 035 | |l 10087847 | ||
| 040 | |a GR-MY-UA |b gre |e aacr | ||
| 041 | 0 | |a eng | |
| 082 | 0 | |a 361.763 |2 (22) | |
| 245 | 1 | 0 | |a Non-governmental organizations : |b performance and accountability beyond the magic bullet / |c edited by Michael Edwards and David Hulme |
| 260 | |a London : |b Earthscan, |c [2002, 1995] | ||
| 300 | |a xii, 259 σ.; |c 24 εκ. | ||
| 500 | |a Χρηματοδότηση: Save the children fund | ||
| 500 | |a Η έκδοση πρόκειται για ανατύπωση του 2002 | ||
| 504 | |a Βιβλιογραφία: σ. 229-247 | ||
| 504 | |a Περιέχει ευρετήριο | ||
| 650 | 0 | 0 | |a Non-governmental organizations |x Evaluation |x Congresses. |
| 650 | 0 | 0 | |a Non-governmental organizations |z Developing coutries |x Congresses. |
| 650 | 0 | 0 | |a Nonprofit organizations |x Evaluation |x Congresses. |
| 700 | 1 | |a Edwards, Michael, |d 1957- |4 edt | |
| 700 | 1 | |a Hulme, David. |4 edt | |
| 852 | |a INST |b LESVOS |e 20070516 |h 361.763 NON |p 005100038381 |q 005100038381 |t BK |y 0 | ||
| 901 | |a BIBL1-2007-2 | ||
| 909 | |a Λ |b 132845 | ||
| 970 | |a ΒΑΡΚΑ |b ΕΛΕΥΘΕΡΙΑ |z 2007/05/16 | ||